| 000 | 00907nam a22002537a 4500 | ||
|---|---|---|---|
| 001 | 25517 | ||
| 005 | 20260428111830.0 | ||
| 008 | 260428b |||||||| |||| 00| 0 spa d | ||
| 020 | _a9786124460722 | ||
| 041 | _aESP | ||
| 082 |
_a321.8042 _bH44 V. 2 |
||
| 100 |
_aHernández Chávez, Pedro A. _eAUT |
||
| 245 |
_aEl modelo de gobierno peruano : _bun neopresidencialismo disfuncional : sobre la necesidad de rediseñar nuestro régimen político |
||
| 250 | _aPrimera edición | ||
| 260 |
_aLima : _bUniversidad de San Martín de Porres, Fondo Editorial, _c2025 |
||
| 300 |
_aPáginas 395-1026 : _c25 cm. |
||
| 440 | _a ; | ||
| 650 | _aCIS | ||
| 653 | _aCiencia política; Sistemas de gobierno; Gobierno democrático; Gobierno presidencial | ||
| 654 | _aCDE | ||
| 700 | _a; | ||
| 856 |
_uhttps://itmsp.museknowledge.com/UCSP?groupID=2 _zVéase Biblioteca Digital |
||
| 942 |
_cLIB _dJUS _fTRC _n0 _2ddc |
||
| 999 |
_c25517 _d25517 |
||